000 00459nam a2200181Ia 4500
003 GCL
005 20240530095809.0
008 140319s9999 xx 000 0 eng d
040 _aGCL /
_cGCL
082 0 4 _a780.92
_bR E
100 1 _aROBERTY, MARC
245 1 0 _aERIC CIAPTON
_cROBERTY, MARC
260 _a[S.N] :
_bON WORD PRESS ،
_c1994
650 0 4 _aGUITASS
650 0 4 _aCIAPTON , ERIC PATRICK -1945
650 0 4 _aGLAYRS - MUSIC
942 _2ddc
_cBK
999 _c10763
_d10763